| 000 | 01071cab a22002055a 4500 | ||
|---|---|---|---|
| 001 | L150491 | ||
| 008 | 100720e20100605xxk 000 0 eng d | ||
| 035 | _a(Sirsi) u150491 | ||
| 041 | 0 | _aeng | |
| 100 | 1 | _aRicketts, Simon | |
| 245 | 0 | 2 | _aA growing trend towards litigation |
| 260 | _c2010 | ||
| 490 |
_aEstates Gazette _v(1022) 5 June 2010, 101(1) |
||
| 520 | _aExamines the growing trend towards judicial reviews of planning permissions and the way this can disrupt developers. Describes the effects of protective cost orders which cap the costs awarded against the claimant if they lose. Notes the effect of "Uniplex (UK) Ltd v NHS Business Services Authority" (2010) which challenged the courts increasing willingness to reject judicial review claims that are brought towards the end of the three month review period. This may lead to more claims being brought after this deadline. | ||
| 590 | _aKA | ||
| 650 | 2 | 4 | _aUNIPLEX (UK) LTD V NHS BUSINESS SERVICES AUTHORITY |
| 651 | 4 | _aENGLAND AND WALES | |
| 690 | _aPLANNING AND DEVELOPMENT-CASE LAW | ||
| 942 | _n0 | ||
| 999 |
_c82529 _d82529 |
||